| 000 | 00598cam a22002052a 4500 | ||
|---|---|---|---|
| 001 | 006030 | ||
| 003 | AR-FADEU | ||
| 008 | 311216n1972####xxu####################dd | ||
| 092 |
_a302.23 _bD696-27 |
||
| 100 | _aDorfman, Ariel | ||
| 245 | _aPara leer al pato Donald | ||
| 260 | _aMéxico | ||
| 260 | _bSiglo Veintiuno | ||
| 260 | _c1972 | ||
| 300 | _a160 p | ||
| 440 | _aSociología y política | ||
| 700 | _aArmand, Mattelart | ||
| 650 | _aCOMUNICACION DE MASAS; COLONIALISMO-MEDIOS DE COMUNICACION; DEPENDENCIA-MEDIOS DE COMUNICACION; ALIENACION-MEIDOS DE COMUNICACION | ||
| 942 | _cBDGR | ||
| 999 |
_c11850 _d11850 |
||